Valtiot, joilla on pienimmät talousvyöhykkeet - Statistics

Yleistilastot
  • Tätä visaa on pelattu 14 kertaa
  • Keskiarvotulos 10 / 20
Vastaustilastot
km² Valtio % Oikein
288 Monaco
100%
6 864 Liettua
88%
7 516 Bahrain
75%
6 383 Montenegro
75%
675 Singapore
75%
13 691 Albania
63%
3 531 Belgia
63%
13 Bosnia ja Hertsegovina
50%
7 223 Djibouti
50%
10 775 Kuwait
50%
18 857 Libanon
50%
214 Slovenia
50%
97 Jordania
38%
15 447 Togo
38%
1 370 Irak
25%
9 502 Saint Kitts ja Nevis
25%
15 413 Saint Lucia
25%
13 373 Kongon demokraattinen tasavalta
13%
10 269 Syyria
13%
15 143 Kamerun
0%
Ehtoja vastaavia visoja ei löytynyt
Tulosjakauma
Jokaisen tuloksen saaneiden osuus
Persentiili vastausten määrän mukaan
Tuloshistoriasi
Et ole pelannut tätä visaa